00370pam a2200121 a 4500020000500000041000800005082001300013100002600026245007100052260007700123300001600200653003200216 c aeng a050bFAR aFarris G ,eAuthor . aIEEE Engineering Management Review Vol - 35 , 2007hBound Volumes a[s.l]:bThe Institute of Electricals & Electronics Engineering ,c2007. a28*20:bHB. aGeneral serial publications